000 00325nam a22001337a 4500
008 171228b xxu||||| |||| 00| 0 eng d
020 _a9789280811056
041 _aeng
080 _a941
100 _a17
101 _aHIS
245 _aTransformation of Cities in Central Eastern Europe
_cHamilton, F.E.I
942 _2udc
_cBK
999 _c39530
_d39530